[Event "URU-ch sf"]
[Site "Montevideo"]
[Date "2024.02.11"]
[Round "4"]
[White "Rouiller, Cristopher"]
[Black "Davila Texeira, Mario"]
[Result "0-1"]
[WhiteElo "1588"]
[BlackElo "1786"]
[PlyCount "46"]
[EventDate "2024.02.09"]
[EventType "swiss"]
[EventRounds "7"]
[EventCountry "URU"]
[SourceTitle "CB08_2024"]
[SourceDate "2024.02.21"]
[SourceVersion "1"]
[SourceVersionDate "2024.02.21"]
[SourceQuality "1"]

1. e4 e5 2. Nf3 Nc6 3. d4 exd4 4. Nxd4 Bc5 5. Nb3 Bb6 6. Nc3 Qf6 7. Qe2 Nge7 8. Be3 0-0 9. 0-0-0 d6 10. f3 Be6 11. Nd2 Ba5 12. Ndb1 b5 13. g4 Ne5 14. Qxb5 Bxc3 15. Nxc3 Qxf3 16. Be2 Qxe3+ 17. Kb1 Rfb8 18. Qa5 N7c6 19. Rd3 Nxd3 20. Qxc7 Nxb2 21. Qxc6 Nc4+ 22. Nb5 Rxb5+ 23. Qxb5 Na3+ 0-1

[Event "Montevideo Duchamp Cup 7th"]
[Site "Montevideo"]
[Date "2024.02.03"]
[Round "3"]
[White "Davila Texeira, Mario"]
[Black "Bon, Charles"]
[Result "1-0"]
[WhiteElo "1786"]
[BlackElo "1499"]
[PlyCount "41"]
[EventDate "2024.02.01"]
[EventType "swiss"]
[EventRounds "9"]
[EventCountry "URU"]
[SourceTitle "CB07_2024"]
[SourceDate "2024.02.14"]
[SourceVersion "1"]
[SourceVersionDate "2024.02.14"]
[SourceQuality "1"]

1. d4 Nf6 2. Bf4 d6 3. Nc3 g6 4. e4 Bg7 5. Qd2 Nbd7 6. 0-0-0 0-0 7. e5 Nh5 8. Bh6 b6 9. g4 Bb7 10. f3 Bxh6 11. Qxh6 Ng7 12. h4 Re8 13. h5 Nf8 14. hxg6 fxg6 15. Ne4 Bxe4 16. fxe4 Qd7 17. Be2 e6 18. Nh3 Red8 19. Ng5 Ne8 20. Rdf1 Qg7 21. Rxf8+ 1-0

[Event "Montevideo Duchamp Cup 7th"]
[Site "Montevideo"]
[Date "2024.02.02"]
[Round "2"]
[White "Andrews, Todd D"]
[Black "Davila Texeira, Mario"]
[Result "1-0"]
[WhiteElo "2135"]
[BlackElo "1786"]
[PlyCount "47"]
[EventDate "2024.02.01"]
[EventType "swiss"]
[EventRounds "9"]
[EventCountry "URU"]
[SourceTitle "CB07_2024"]
[SourceDate "2024.02.14"]
[SourceVersion "1"]
[SourceVersionDate "2024.02.14"]
[SourceQuality "1"]

1. d4 Nf6 2. c4 e6 3. Nf3 Bb4+ 4. Bd2 Be7 5. Qc2 b6 6. e4 Bb7 7. Nc3 d6 8. Bd3 Nbd7 9. g4 h6 10. Rg1 g5 11. 0-0-0 c6 12. e5 Ng8 13. exd6 Bxd6 14. Ne4 Be7 15. h4 gxh4 16. g5 hxg5 17. Nexg5 Bxg5 18. Bxg5 Qc7 19. Rde1 Nf8 20. Nxh4 Ne7 21. Bxe7 Kxe7 22. Qd2 Rd8 23. Rg7 Rxd4 24. Nf5+ 1-0

[Event "URU-ch sf2"]
[Site "Colonia del Sacramento"]
[Date "2023.02.19"]
[Round "5"]
[White "Davila Texeira, Mario"]
[Black "Fabra, Nahiara"]
[Result "1/2-1/2"]
[WhiteElo "1769"]
[BlackElo "1521"]
[PlyCount "114"]
[EventDate "2023.02.17"]
[EventType "swiss"]
[EventRounds "7"]
[EventCountry "URU"]
[SourceTitle "CBM 213 Extra"]
[Source "ChessBase"]
[SourceDate "2023.05.31"]
[SourceVersion "1"]
[SourceVersionDate "2023.05.31"]
[SourceQuality "1"]

1. d4 d5 2. Bf4 Nf6 3. e3 c5 4. c3 Bf5 5. Bd3 Bxd3 6. Qxd3 e6 7. Nf3 Nc6 8. Nbd2 Bd6 9. Bg3 0-0 10. Ne5 Bxe5 11. dxe5 Nd7 12. f4 f6 13. exf6 Nxf6 14. 0-0 Qb6 15. Qc2 d4 16. e4 d3 17. Qb3 Qxb3 18. axb3 b6 19. h3 Rf7 20. Bh2 Rc8 21. g4 Na5 22. Rfe1 g6 23. Kg2 Rd7 24. Bg3 c4 25. b4 Nb3 26. Rad1 Nxd2 27. Rxd2 a5 28. bxa5 bxa5 29. Kf3 a4 30. Ra1 Ra8 31. Bf2 h5 32. g5 Ne8 33. Bc5 Nc7 34. h4 Nb5 35. Ke3 Rc7 36. Bb4 Rca7 37. Ba3 Nxa3 38. Rxa3 Rd7 39. Ra2 Ra5 40. e5 Kf7 41. Ra3 Ke8 42. Ra1 Kd8 43. Ra3 Kc7 44. Ra1 Kc6 45. Ra3 Kb5 46. Ra2 a3 47. bxa3 Ka4 48. Rdb2 Rb5 49. Rxb5 Kxb5 50. Rb2+ Ka4 51. Kd2 Kxa3 52. Rb4 Rc7 53. Rb6 Re7 54. Rb8 Rf7 55. Rb6 Re7 56. Rb4 Rc7 57. Rb6 Re7 1/2-1/2

[Event "Montevideo Trebejos 50 Anniv op"]
[Site "Montevideo"]
[Date "2022.09.22"]
[Round "6"]
[White "Davila Texeira, Mario"]
[Black "Errazola, Mauricio"]
[Result "0-1"]
[WhiteElo "1813"]
[BlackElo "1588"]
[PlyCount "97"]
[EventDate "2022.09.17"]
[EventType "swiss"]
[EventRounds "9"]
[EventCountry "URU"]
[SourceTitle "EXT 2023"]
[Source "ChessBase"]
[SourceDate "2022.10.05"]
[SourceVersion "1"]
[SourceVersionDate "2022.10.05"]
[SourceQuality "1"]

1. e4 e6 2. d3 d5 3. Nd2 c5 4. g3 Nc6 5. Bg2 g6 6. Ngf3 Bg7 7. 0-0 Nge7 8. Re1 0-0 9. c3 Qc7 10. Qe2 Re8 11. Nf1 h6 12. h4 b6 13. e5 Ba6 14. Bf4 Rad8 15. N1h2 d4 16. c4 b5 17. b3 bxc4 18. bxc4 Kh7 19. Ng4 Nf5 20. Ngh2 Bb7 21. Rab1 Rb8 22. Rb2 Ba8 23. Reb1 Rxb2 24. Rxb2 Rb8 25. Rxb8 Qxb8 26. Nf1 Qb1 27. Ne1 Bb7 28. Kh2 a5 29. a3 a4 30. Bxc6 Bxc6 31. Qd2 Qa1 32. Qc1 Qxc1 33. Bxc1 Bxe5 34. Kh3 Bc7 35. Bd2 e5 36. g4 Nd6 37. f3 f5 38. Ng3 e4 39. fxe4 fxe4 40. dxe4 Nxc4 41. Bc1 Bxg3 42. Kxg3 Bxe4 43. Kf4 Bb1 44. Nf3 Kg7 45. g5 h5 46. Ne5 Na5 47. Nd7 Nb3 48. Nxc5 Nxc5 49. Bb2 0-1

[Event "Montevideo Trebejos 50 Anniv op"]
[Site "Montevideo"]
[Date "2022.09.18"]
[Round "2"]
[White "Davila Texeira, Mario"]
[Black "Sardi, Anibal"]
[Result "1/2-1/2"]
[WhiteElo "1813"]
[BlackElo "1595"]
[PlyCount "82"]
[EventDate "2022.09.17"]
[EventType "swiss"]
[EventRounds "9"]
[EventCountry "URU"]
[SourceTitle "EXT 2023"]
[Source "ChessBase"]
[SourceDate "2022.10.05"]
[SourceVersion "1"]
[SourceVersionDate "2022.10.05"]
[SourceQuality "1"]

1. Nf3 d5 2. d4 Nf6 3. Bf4 e6 4. e3 c5 5. c3 Qb6 6. Qc2 Nc6 7. h3 Bd7 8. Be2 Rc8 9. Qb3 cxd4 10. Qxb6 axb6 11. exd4 Na5 12. Nbd2 Be7 13. 0-0 h6 14. Ne5 Nc6 15. Bf3 g5 16. Bg3 h5 17. Rfe1 Rg8 18. Bd1 g4 19. h4 Nxe5 20. dxe5 Nh7 21. Nb3 Nf8 22. Bc2 Ba4 23. Rad1 b5 24. Re2 b4 25. cxb4 Bb5 26. Bd3 Bxd3 27. Rxd3 Bxb4 28. Nd4 Ng6 29. Rb3 Bc5 30. Nb5 Kf8 31. Nd6 Rc7 32. Nxb7 Be7 33. Nd6 Kg7 34. f4 Nxh4 35. Bxh4 Bxh4 36. g3 Be7 37. Nb5 Rc1+ 38. Kg2 Bc5 39. Rc3 Rxc3 40. Nxc3 Kg6 41. a3 Rc8 1/2-1/2

[Event "URU-ch Seniors 65+"]
[Site "Montevideo"]
[Date "2021.09.25"]
[Round "2"]
[White "Bossi, Hugo"]
[Black "Davila Texeira, Mario"]
[Result "0-1"]
[WhiteElo "1357"]
[BlackElo "1814"]
[PlyCount "76"]
[EventDate "2021.09.24"]
[EventType "tourn"]
[EventRounds "5"]
[EventCountry "URU"]
[SourceTitle "EXT 2023"]
[Source "ChessBase"]
[SourceDate "2022.10.05"]
[SourceVersion "1"]
[SourceVersionDate "2022.10.05"]
[SourceQuality "1"]

1. c4 f5 2. d4 Nf6 3. Nf3 e6 4. Nc3 d5 5. e3 c6 6. Bd3 Bd6 7. Ne5 0-0 8. f4 Ne4 9. 0-0 Rf6 10. cxd5 exd5 11. Qh5 Bxe5 12. fxe5 Rh6 13. Qf3 Be6 14. Ne2 Qh4 15. Qf4 Qe7 16. Ng3 Nxg3 17. Qxg3 Rg6 18. Qf3 Nd7 19. Bxf5 Bxf5 20. Qxf5 Rf8 21. Qc2 Rxf1+ 22. Kxf1 Qh4 23. h3 Qg3 24. Qf2 Qh2 25. Qg1 Qg3 26. Qf2 Qh2 27. Qf3 Qh1+ 28. Kf2 Nf6 29. e6 Ne4+ 30. Ke2 Rxg2+ 31. Kd3 Rd2+ 32. Bxd2 Qxf3 33. Bb4 Nf6 34. e7 Kf7 35. Rc1 Qxh3 36. Kc2 Qg2+ 37. Kb3 h5 38. e4 Nxe4 0-1

[Event "URU-ch Seniors 65+"]
[Site "Montevideo"]
[Date "2021.09.25"]
[Round "3"]
[White "Davila Texeira, Mario"]
[Black "Barboza, Mauro"]
[Result "1/2-1/2"]
[WhiteElo "1814"]
[BlackElo "1819"]
[PlyCount "102"]
[EventDate "2021.09.24"]
[EventType "tourn"]
[EventRounds "5"]
[EventCountry "URU"]
[SourceTitle "EXT 2023"]
[Source "ChessBase"]
[SourceDate "2022.10.05"]
[SourceVersion "1"]
[SourceVersionDate "2022.10.05"]
[SourceQuality "1"]

1. d4 Nf6 2. Bf4 d5 3. e3 Bf5 4. c4 e6 5. Nc3 c6 6. Nf3 Qb6 7. Qb3 Qxb3 8. axb3 Bb4 9. Nd2 0-0 10. f3 a5 11. g4 Bg6 12. Be2 Na6 13. Kf2 c5 14. h4 h5 15. Rag1 cxd4 16. exd4 dxc4 17. bxc4 Rfd8 18. Ke3 Rxd4 19. Be5 Rd7 20. Nde4 Nxe4 21. Nxe4 Bxe4 22. Kxe4 Bd2 23. f4 f6 24. Bd4 Bxf4 25. gxh5 e5 26. Bc3 Nc5+ 27. Kf5 Na4 28. Bf3 Nb6 29. Rd1 Rc7 30. Bd5+ Nxd5 31. cxd5 Rd7 32. Ke6 Rad8 33. Bxa5 Rd6+ 34. Kf5 b6 35. Bc3 Rxd5 36. Rxd5 Rxd5 37. Ra1 Kh7 38. Ra8 Bh6 39. Rb8 Rb5 40. Rd8 Bc1 41. b4 Ba3 42. h6 e4+ 43. Kxe4 Kxh6 44. Rd4 f5+ 45. Kf3 Bc1 46. Rd1 Ba3 47. Ra1 Bxb4 48. Rb1 Bxc3 49. Rxb5 Kh5 50. Rxf5+ Kxh4 51. Rb5 Ba5 1/2-1/2

[Event "URU-ch sf"]
[Site "Montevideo"]
[Date "2020.02.25"]
[Round "8"]
[White "Davila Texeira, Mario"]
[Black "Belbey, Juan J"]
[Result "1-0"]
[WhiteElo "1819"]
[BlackElo "1611"]
[PlyCount "119"]
[EventDate "2020.02.21"]
[EventType "swiss"]
[EventRounds "8"]
[EventCountry "URU"]
[SourceTitle "CBM 195 Extra"]
[Source "ChessBase"]
[SourceDate "2020.05.31"]
[SourceVersion "1"]
[SourceVersionDate "2020.05.31"]
[SourceQuality "1"]

1. d4 f5 2. g3 d6 3. Bg2 c6 4. c4 g6 5. Nc3 Nf6 6. b3 Bg7 7. Bb2 Nbd7 8. Nh3 h6 9. Nf4 Nf8 10. e3 e5 11. Nfe2 e4 12. d5 c5 13. 0-0 Qe7 14. a4 N8d7 15. Nf4 Ne5 16. Nb5 Kf7 17. Ra2 a6 18. Nc3 g5 19. Nh5 g4 20. Nxg7 Kxg7 21. Ne2 h5 22. Nf4 Nf3+ 23. Bxf3 gxf3 24. h4 Bd7 25. Qa1 Rh6 26. Rd1 Rf8 27. Bc3 Kh7 28. Rad2 Rg8 29. Ne6 Rhg6 30. Bxf6 Rxf6 31. Nf4 Rg4 32. Rc2 Be8 33. Kf1 Qg7 34. Ke1 b5 35. axb5 axb5 36. Ra2 Rxf4 37. exf4 e3 38. Ra7 Bf7 39. cxb5 e2 40. Rc1 Kh6 41. Qc3 Kg6 42. Qxf3 Qg8 43. Rc3 Bxd5 44. Qxe2 Bxb3 45. Re3 Qd5 46. Ree7 Qh1+ 47. Qf1 Qxf1+ 48. Kxf1 Bf7 49. Rxf7 Rxf7 50. Rxf7 Kxf7 51. b6 Ke6 52. b7 Kd5 53. b8Q c4 54. Qg8+ Kd4 55. Qg7+ Kd3 56. Qf6 d5 57. Qxf5+ Kd4 58. Qe5+ Kc5 59. f5 Kb4 60. Qxd5 1-0

[Event "URU-ch sf"]
[Site "Montevideo"]
[Date "2020.02.25"]
[Round "7"]
[White "Soto, Nicolas"]
[Black "Davila Texeira, Mario"]
[Result "1-0"]
[WhiteElo "2002"]
[BlackElo "1819"]
[PlyCount "83"]
[EventDate "2020.02.21"]
[EventType "swiss"]
[EventRounds "8"]
[EventCountry "URU"]
[SourceTitle "CBM 195 Extra"]
[Source "ChessBase"]
[SourceDate "2020.05.31"]
[SourceVersion "1"]
[SourceVersionDate "2020.05.31"]
[SourceQuality "1"]

1. e4 c5 2. Nf3 Nc6 3. Bb5 g6 4. Bxc6 dxc6 5. h3 Bg7 6. d3 Nf6 7. 0-0 0-0 8. Re1 h6 9. Nc3 b6 10. Be3 Kh7 11. Nd2 Be6 12. f4 Qd7 13. Qf3 Rad8 14. Rad1 Qc8 15. Kh1 Rh8 16. Rg1 h5 17. Bf2 Bg4 18. Qe3 Bxd1 19. Rxd1 Qe6 20. Nf3 Bh6 21. b3 Kg7 22. Rf1 Rhf8 23. Bh4 Nd5 24. Nxd5 cxd5 25. e5 Rd7 26. Bg5 d4 27. Bxh6+ Kxh6 28. Qd2 Kg7 29. Ng5 Qd5 30. Re1 f6 31. exf6+ Rxf6 32. Re5 Qc6 33. Qe2 Qb7 34. Kh2 Kh6 35. g3 e6 36. Ne4 Rf8 37. Ng5 Re7 38. Nxe6 Rfe8 39. f5 gxf5 40. Rxf5 Rxe6 41. Qxh5+ Kg7 42. Rg5+ 1-0

[Event "URU-ch sf"]
[Site "Montevideo"]
[Date "2020.02.22"]
[Round "2"]
[White "Davila Texeira, Mario"]
[Black "Lanaro, Emilio"]
[Result "1-0"]
[WhiteElo "1819"]
[BlackElo "1670"]
[PlyCount "233"]
[EventDate "2020.02.21"]
[EventType "swiss"]
[EventRounds "8"]
[EventCountry "URU"]
[SourceTitle "CBM 195 Extra"]
[Source "ChessBase"]
[SourceDate "2020.05.31"]
[SourceVersion "1"]
[SourceVersionDate "2020.05.31"]
[SourceQuality "1"]

1. e4 c5 2. d3 g6 3. g3 Bg7 4. Bg2 Nc6 5. c3 e6 6. f4 Nge7 7. Nf3 d6 8. 0-0 0-0 9. Be3 Bd7 10. Nbd2 Qc7 11. g4 Rab8 12. Qe1 b5 13. Rb1 b4 14. d4 bxc3 15. bxc3 Rxb1 16. Nxb1 cxd4 17. cxd4 Rb8 18. Qf2 Nb4 19. Rc1 Qa5 20. Bd2 Qxa2 21. Nc3 Qa6 22. Bf1 Qb7 23. Qe3 Bc6 24. Kf2 f5 25. gxf5 exf5 26. e5 Ned5 27. Nxd5 Nxd5 28. Qa3 Nxf4 29. Bxf4 Be4 30. Nd2 dxe5 31. dxe5 Bf8 32. Qa2+ Kh8 33. e6 Bg7 34. Bxb8 Qxb8 35. Qb3 Qxh2+ 36. Ke1 Bd4 37. Nxe4 fxe4 38. Rc8+ Kg7 39. Qc2 Qh4+ 40. Kd1 Qg4+ 41. Qe2 Qxe6 42. Rc7+ Kh8 43. Qc4 Qxc4 44. Rxc4 Bb6 45. Rxe4 Kg7 46. Bd3 Kf6 47. Ke2 Kg7 48. Kf3 Kf6 49. Rf4+ Kg7 50. Kg4 h5+ 51. Kh3 g5 52. Rf5 Be3 53. Re5 Bf4 54. Re7+ Kf6 55. Rxa7 h4 56. Kg4 Ke5 57. Bf5 Bc1 58. Ra5+ Kf6 59. Kf3 Bd2 60. Rd5 Bf4 61. Ke4 Bc1 62. Rc5 Bf4 63. Rc6+ Ke7 64. Bg4 Kf7 65. Ra6 Ke7 66. Kd5 Bc1 67. Re6+ Kf7 68. Ke5 Kg7 69. Kf5 Bf4 70. Re7+ Kh6 71. Kf6 Bc1 72. Bf5 Bb2+ 73. Ke6 g4 74. Bxg4 Kg5 75. Bh3 Kf4 76. Rb7 Bc3 77. Rb3 Be1 78. Kd5 Bf2 79. Ke6 Be1 80. Kf6 Bg3 81. Kg6 Be1 82. Kh5 Bg3 83. Bg2 Ke5 84. Kg5 Bf2 85. Rf3 Bg3 86. Re3+ Kd4 87. Re8 Bf2 88. Re4+ Kd3 89. Kg4 Bg3 90. Kf3 Kd2 91. Re3 Bc7 92. Bf1 Bb8 93. Rd3+ Kc2 94. Ke2 Bc7 95. Rd4 Be5 96. Rxh4 Bf6 97. Rc4+ Kb3 98. Kd3 Be5 99. Be2 Bf6 100. Rc6 Bd8 101. Rc8 Bf6 102. Rb8+ Ka3 103. Kc2 Be5 104. Rb7 Ka4 105. Bc4 Bd4 106. Bb3+ Ka5 107. Kd3 Ka6 108. Bd5 Bc5 109. Kc4 Be3 110. Rb3 Bf2 111. Bb7+ Ka7 112. Bc8 Bg1 113. Rb7+ Ka8 114. Kb5 Bd4 115. Ka6 Be5 116. Bh3 Bf4 117. Bg2 1-0

[Event "URU-chTB"]
[Site "Montevideo"]
[Date "2018.07.07"]
[Round "3.42"]
[White "Davila Texeira, Mario"]
[Black "Esteves, Gaston"]
[Result "0-1"]
[WhiteElo "1844"]
[BlackElo "1745"]
[PlyCount "46"]
[EventDate "2018.07.06"]
[EventType "team-swiss"]
[EventRounds "5"]
[EventCountry "URU"]
[SourceTitle "EXT 2019"]
[Source "ChessBase"]
[SourceDate "2018.10.10"]
[SourceVersion "1"]
[SourceVersionDate "2018.10.10"]
[SourceQuality "1"]
[WhiteTeam "Enroque Largo"]
[BlackTeam "Urreta"]
[WhiteTeamCountry "URU"]
[BlackTeamCountry "URU"]

1. d4 Nf6 2. Bf4 g6 3. e3 Bg7 4. Be2 0-0 5. Nc3 d6 6. h4 h5 7. Qd2 Nbd7 8. 0-0-0 c5 9. Nf3 a6 10. Ng5 b5 11. f3 Bb7 12. Kb1 cxd4 13. exd4 b4 14. Nce4 Nd5 15. Bh2 Rc8 16. Ka1 Qa5 17. g4 Nc3 18. bxc3 bxc3 19. Nxc3 Rxc3 20. Ne4 Bxe4 21. fxe4 Rfc8 22. Bg1 Qa4 23. Rc1 Rxc2 0-1

[Event "American Continental 14th"]
[Site "Montevideo"]
[Date "2018.06.08"]
[Round "9"]
[White "Davila Texeira, Mario"]
[Black "Maestro, Esteban"]
[Result "1-0"]
[WhiteElo "1873"]
[BlackElo "1444"]
[PlyCount "115"]
[EventDate "2018.06.01"]
[EventType "swiss"]
[EventRounds "11"]
[EventCountry "URU"]
[SourceTitle "CBM 184 Extra"]
[Source "ChessBase"]
[SourceDate "2018.06.28"]
[SourceVersion "1"]
[SourceVersionDate "2018.06.28"]
[SourceQuality "1"]

1. d4 Nf6 2. Bf4 d5 3. e3 e6 4. c4 c5 5. Nf3 Nc6 6. Nc3 a6 7. a3 cxd4 8. exd4 Bd6 9. Bg5 0-0 10. c5 Bc7 11. Be2 b6 12. cxb6 Bxb6 13. 0-0 Re8 14. Rc1 Ne7 15. Bd3 Ng6 16. Bb1 h6 17. Be3 Qd6 18. Bxg6 fxg6 19. Ne5 g5 20. Na4 Bc7 21. f4 gxf4 22. Bxf4 Qe7 23. Qd3 Bxe5 24. Bxe5 Rf8 25. Rc7 Qd8 26. Qg6 Bd7 27. Nc5 Qe8 28. Qxe8 Bxe8 29. Nxe6 Rf7 30. Rxf7 Bxf7 31. Nxg7 Kxg7 32. Rxf6 Kf8 33. Rxh6 Ke7 34. Rh8 Rxh8 35. Bxh8 Ke6 36. g4 Be8 37. Kf2 Kf7 38. Kf3 Kg6 39. Kf4 Kh7 40. Be5 Kg6 41. h3 Bb5 42. Bd6 Bc4 43. h4 Be2 44. b4 Kf6 45. h5 Ke6 46. Be5 Bd3 47. g5 Be2 48. h6 Bd3 49. Ke3 Bg6 50. a4 Kf5 51. Bf6 Ke6 52. b5 axb5 53. axb5 Kd6 54. Be5+ Kd7 55. Kf4 Bh7 56. b6 Kc6 57. Bc7 Bg6 58. Ke5 1-0

[Event "Montevideo Duchamp Cup 2nd"]
[Site "Montevideo"]
[Date "2018.02.05"]
[Round "6"]
[White "Daneri, Martin"]
[Black "Davila Texeira, Mario"]
[Result "1-0"]
[WhiteElo "2085"]
[BlackElo "1871"]
[PlyCount "97"]
[EventDate "2018.02.02"]
[EventType "swiss"]
[EventRounds "9"]
[EventCountry "URU"]
[SourceTitle "CBM 182 Extra"]
[Source "ChessBase"]
[SourceDate "2018.02.23"]
[SourceVersion "1"]
[SourceVersionDate "2018.02.23"]
[SourceQuality "1"]

1. d4 d5 2. Nf3 c6 3. Bf4 Nf6 4. Nbd2 g6 5. e3 Nh5 6. Bg5 h6 7. Bh4 Ng7 8. Bd3 Bf5 9. Be2 Qb6 10. Qc1 g5 11. Bg3 Nd7 12. c4 e6 13. Ne5 f6 14. Nxd7 Kxd7 15. 0-0 h5 16. f3 h4 17. Bf2 Re8 18. e4 Bg6 19. a3 Qc7 20. Re1 Bd6 21. h3 Nh5 22. cxd5 exd5 23. exd5 cxd5 24. Bb5+ Kd8 25. Qxc7+ Bxc7 26. Bxe8 Bxe8 27. Nf1 Nf4 28. Ne3 Bd7 29. Ng4 Rf8 30. Be3 Nh5 31. Rac1 Bd6 32. Bd2 Bg3 33. Nf2 Rf7 34. b3 Rg7 35. a4 f5 36. Rc5 Nf6 37. Ra5 a6 38. Re5 Bxe5 39. dxe5 Nh7 40. Rxd5 Ke8 41. Rd6 Re7 42. Nd3 Bc8 43. Rg6 Kf7 44. Rd6 Kg7 45. Bc3 Kf7 46. Nc5 Rc7 47. Bb4 g4 48. hxg4 fxg4 49. f4 1-0

[Event "Montevideo Duchamp Cup 2nd"]
[Site "Montevideo"]
[Date "2018.02.03"]
[Round "3"]
[White "Davila Texeira, Mario"]
[Black "Larrea, Manuel"]
[Result "0-1"]
[WhiteElo "1871"]
[BlackElo "2290"]
[PlyCount "74"]
[EventDate "2018.02.02"]
[EventType "swiss"]
[EventRounds "9"]
[EventCountry "URU"]
[SourceTitle "CBM 182 Extra"]
[Source "ChessBase"]
[SourceDate "2018.02.23"]
[SourceVersion "1"]
[SourceVersionDate "2018.02.23"]
[SourceQuality "1"]

1. d4 Nf6 2. Bf4 g6 3. e3 Bg7 4. Be2 0-0 5. c4 c5 6. Nc3 cxd4 7. exd4 d5 8. Nf3 dxc4 9. 0-0 Be6 10. Qd2 Nc6 11. Rfd1 Nd5 12. Bh6 Nxc3 13. bxc3 Bd5 14. Rab1 b6 15. Re1 e6 16. h3 Rb8 17. Nh2 b5 18. Ng4 f5 19. Bxg7 Kxg7 20. Qh6+ Kg8 21. Ne3 Ne7 22. f4 Be4 23. Rbc1 Nd5 24. Bf1 Qc7 25. g3 Qg7 26. Qxg7+ Kxg7 27. Nxd5 exd5 28. a3 Rf6 29. h4 Ra6 30. Ra1 Ra4 31. Be2 Rb6 32. Bd1 Ra5 33. Re2 b4 34. cxb4 Rxb4 35. Re3 Rb2 36. a4 Ra6 37. a5 Rc6 0-1

[Event "URU-chTB"]
[Site "Uruguay"]
[Date "2017.07.08"]
[Round "3.2"]
[White "Davila Texeira, Mario"]
[Black "Svarcas, Anibal"]
[Result "1-0"]
[WhiteElo "1868"]
[BlackElo "1638"]
[PlyCount "111"]
[EventDate "2017.07.07"]
[EventType "team-swiss"]
[EventRounds "5"]
[EventCountry "URU"]
[SourceTitle "EXT 2018"]
[Source "ChessBase"]
[SourceDate "2017.10.13"]
[SourceVersion "1"]
[SourceVersionDate "2017.10.13"]
[SourceQuality "1"]
[WhiteTeam "Enroque Largo"]
[BlackTeam "CBR III"]
[WhiteTeamCountry "URU"]
[BlackTeamCountry "URU"]

1. e4 e5 2. Nf3 Nc6 3. Bb5 a6 4. Ba4 Nf6 5. d3 b5 6. Bb3 Be7 7. c3 0-0 8. Qe2 d6 9. h3 h6 10. Nbd2 Be6 11. Bc2 Na5 12. d4 exd4 13. cxd4 Bd7 14. e5 Nd5 15. Qe4 f5 16. Qxd5+ Kh8 17. a3 Nc4 18. Nh2 Na5 19. b4 Bc6 20. Qa2 Nc4 21. Ndf3 dxe5 22. dxe5 Re8 23. 0-0 Qc8 24. Be3 Qe6 25. Qb3 Bd5 26. Qc3 Rad8 27. Rad1 c6 28. Rfe1 Rf8 29. Bc1 Qg6 30. Bd3 Nxe5 31. Rxe5 Bf6 32. Qe1 Bxe5 33. Qxe5 Rde8 34. Qc3 Re6 35. Bf1 Rfe8 36. Bb2 R8e7 37. Re1 Be4 38. Rd1 Kh7 39. Nd4 Rd6 40. Nhf3 Red7 41. Rc1 Bd5 42. Ne5 Qg5 43. Nxd7 Rxd7 44. Nf3 Qd8 45. Re1 Be4 46. Nd4 Qf6 47. f3 Bd5 48. Nc2 Qg6 49. Nd4 Rf7 50. f4 Rf6 51. Nf3 Qf7 52. Ne5 Qc7 53. Re3 Re6 54. Rg3 Re7 55. Bd3 Qc8 56. Nxc6 1-0

[Event "URU-chTB"]
[Site "Uruguay"]
[Date "2017.07.08"]
[Round "4.2"]
[White "Tramutolo, Gustavo"]
[Black "Davila Texeira, Mario"]
[Result "0-1"]
[WhiteElo "1396"]
[BlackElo "1868"]
[PlyCount "62"]
[EventDate "2017.07.07"]
[EventType "team-swiss"]
[EventRounds "5"]
[EventCountry "URU"]
[SourceTitle "EXT 2018"]
[Source "ChessBase"]
[SourceDate "2017.10.13"]
[SourceVersion "1"]
[SourceVersionDate "2017.10.13"]
[SourceQuality "1"]
[WhiteTeam "Cerro V"]
[BlackTeam "Enroque Largo"]
[WhiteTeamCountry "URU"]
[BlackTeamCountry "URU"]

1. d4 Nf6 2. c4 g6 3. Nc3 Bg7 4. e4 d6 5. Nge2 0-0 6. Ng3 h5 7. h4 c6 8. Bd3 Qb6 9. Nge2 e5 10. Qb3 Qc7 11. 0-0 Ng4 12. d5 Na6 13. Qd1 Kh7 14. g3 Qe7 15. Kg2 Bd7 16. f3 Nh6 17. Be3 f6 18. Qd2 Nf7 19. f4 Bg4 20. f5 gxf5 21. exf5 Nc5 22. Bc2 a5 23. dxc6 bxc6 24. Ne4 Rfd8 25. N2c3 Rab8 26. Na4 Rb4 27. a3 Rxc4 28. b3 Rxc2 29. Qxc2 Nxa4 30. bxa4 c5 31. Nc3 d5 0-1

[Event "Montevideo Senior-ch"]
[Site "Montevideo"]
[Date "2017.06.18"]
[Round "3"]
[White "Davila Texeira, Mario"]
[Black "De Cuadro, Dionisio"]
[Result "1-0"]
[WhiteElo "1894"]
[BlackElo "1689"]
[PlyCount "119"]
[EventDate "2017.06.17"]
[EventType "swiss"]
[EventRounds "5"]
[EventCountry "URU"]
[SourceTitle "CBM 179 Extra"]
[Source "ChessBase"]
[SourceDate "2017.08.23"]
[SourceVersion "1"]
[SourceVersionDate "2017.08.23"]
[SourceQuality "1"]

1. c4 c5 2. g3 Nc6 3. Bg2 e5 4. Nc3 Nf6 5. d3 Be7 6. Nf3 d6 7. 0-0 0-0 8. Rb1 Rb8 9. a3 a5 10. h3 Be6 11. e3 d5 12. Ng5 dxc4 13. Nxe6 fxe6 14. dxc4 Qe8 15. Qe2 Rd8 16. Bd2 Qd7 17. Rfd1 b6 18. Nb5 Qc8 19. Bc3 Nd7 20. Rd2 Ndb8 21. Rbd1 Rxd2 22. Rxd2 Rd8 23. Rxd8+ Qxd8 24. Qd2 Qxd2 25. Bxd2 Bf6 26. Bc3 Nd8 27. Kf1 Nd7 28. Ke2 Kf8 29. h4 Ke7 30. Be4 g6 31. f3 Nf7 32. Be1 Nd6 33. Nxd6 Kxd6 34. h5 Nf8 35. hxg6 hxg6 36. Bc3 g5 37. Kf2 Nd7 38. Kg2 Ke7 39. Kf2 Kd6 40. Ke2 Be7 41. g4 Nf6 42. Bc2 Nd7 43. Kd2 Bf6 44. Ba4 Nb8 45. Kd3 Nc6 46. Ke4 Ne7 47. b4 axb4 48. axb4 Ng6 49. Be8 Ne7 50. f4 gxf4 51. exf4 Nc6 52. Bxc6 Kxc6 53. b5+ Kd7 54. Bxe5 Be7 55. f5 exf5+ 56. gxf5 Bg5 57. Kd5 Bd8 58. f6 Ke8 59. Ke6 Kf8 60. Bd6+ 1-0

[Event "Montevideo Senior-ch"]
[Site "Montevideo"]
[Date "2017.06.18"]
[Round "4"]
[White "Visillac, Alejandro"]
[Black "Davila Texeira, Mario"]
[Result "1-0"]
[WhiteElo "1842"]
[BlackElo "1894"]
[PlyCount "129"]
[EventDate "2017.06.17"]
[EventType "swiss"]
[EventRounds "5"]
[EventCountry "URU"]
[SourceTitle "CBM 179 Extra"]
[Source "ChessBase"]
[SourceDate "2017.08.23"]
[SourceVersion "1"]
[SourceVersionDate "2017.08.23"]
[SourceQuality "1"]

1. e4 e5 2. Nf3 Nc6 3. Bb5 a6 4. Bxc6 dxc6 5. d4 exd4 6. Qxd4 Qxd4 7. Nxd4 c5 8. Ne2 Be6 9. Bf4 0-0-0 10. Nd2 Ne7 11. 0-0-0 Nc6 12. a3 Be7 13. Nb1 Rxd1+ 14. Rxd1 Rd8 15. Rxd8+ Bxd8 16. Be3 b6 17. Nf4 Bd7 18. Nd5 Ne5 19. Bf4 Ng6 20. Bd2 c6 21. Ne3 Nf4 22. Nc3 Bc7 23. Kd1 Kb7 24. Ke1 Ne6 25. Ne2 Nd4 26. h3 g6 27. Nc1 h5 28. c3 Ne6 29. Nd3 Nf4 30. Nxf4 Bxf4 31. Nc4 Bxd2+ 32. Kxd2 Be6 33. Ne5 Kc7 34. Ke3 Kd6 35. f4 b5 36. Nf3 a5 37. Ng5 Bb3 38. g4 hxg4 39. hxg4 Ke7 40. Nf3 a4 41. f5 gxf5 42. exf5 f6 43. Kf4 Bd5 44. Nd2 c4 45. Nf3 Kf7 46. Nh2 Kg7 47. g5 fxg5+ 48. Kxg5 Kf7 49. Ng4 c5 50. Ne5+ Ke8 51. Kf6 b4 52. Kg7 Ke7 53. Ng6+ Ke8 54. Kf6 Bf7 55. Ke5 bxa3 56. bxa3 Kd7 57. Nf8+ Kc6 58. Ne6 Be8 59. f6 Kd7 60. Nxc5+ Kc6 61. Nxa4 Bf7 62. Kd4 Kb5 63. Nc5 Kc6 64. Ne4 Bg6 65. Ng5 1-0